| 000 | 00887nam a22002538a 4500 | ||
|---|---|---|---|
| 005 | 20081024151836.0 | ||
| 008 | 080626s2008 cau 000 0 eng | ||
| 010 | _aENG-91771 | ||
| 020 |
_a9780070648135 _c215.00 |
||
| 020 |
_a0070648131 _c215.00 |
||
| 035 | _aEN-75304 | ||
| 037 | _bDBAD / PUb | ||
| 040 |
_adpl _bEnglish |
||
| 082 | _a333.707 | ||
| 100 | _aJoseph, Benny | ||
| 245 |
_aEnvironmental studies / _cby Benny Joseph |
||
| 250 | _a2nd ed | ||
| 260 |
_aNew Delhi _bTata McGraw-Hill, _c2009 |
||
| 300 |
_axx, 347p. _c25cm (pbk) |
||
| 500 | _aIncludes glossary and index | ||
| 650 |
_aEnvironmental sciences _xStudy and teaching |
||
| 942 |
_2ddc _cEN _mJOS _h333.707 |
||
| 999 |
_c19017 _d19017 |
||